Sports Quiz

Random Sports or NBA Quiz

30 in 60: NBA Teams Quiz Stats

 Plays Quiz Updated Oct 28, 2015

Support Sporcle.
Go Orange.
Score 0/30 Timer 01:00
19 Plays Today
% Correct
Los Angeles
80.4%
Chicago
80.3%
Miami
80.1%
Boston
79.8%
New York
79.6%
Cleveland
79.3%
Utah
78.3%
Los Angeles
78.2%
Orlando
77.9%
San Antonio
77.9%
Houston
77.8%
Phoenix
77.7%
Denver
77.5%
Philadelphia
77.4%
Washington
77.2%
% Correct
Detroit
76.9%
Indiana
76.9%
Golden State
76.4%
Dallas
76.4%
Atlanta
76.2%
Toronto
76.1%
Oklahoma City
76%
Portland
75.9%
Milwaukee
75.4%
Minnesota
75.4%
Memphis
74.2%
Sacramento
74.1%
New Orleans
73.5%
Charlotte
73.4%
Brooklyn
72.9%

You're not logged in!

Compare scores with friends on all Sporcle quizzes.
OR
Log In

From the Vault

Top Hit Artists of the '70s

by caramba

We like to think that in the '70s, everyone danced like John Travolta.
Remove Ads.
Support Sporcle.
Get the best of Sporcle when you Go Orange. This ad-free experience offers more features, more stats, and more fun while also helping to support Sporcle. Thank you for becoming a member.

Show Comments

Extras

Top Quizzes Today


Score Distribution

Your Account Isn't Verified!

In order to create a playlist on Sporcle, you need to verify the email address you used during registration. Go to your Sporcle Settings to finish the process.

Report this User

Report this user for behavior that violates our Community Guidelines.

Details: